header

The cloning sourcebook (Record no. 50063)

MARC details
000 -LEADER
fixed length control field 01350nam a2200349Ia 4500
082 04 - DEWEY DECIMAL CLASSIFICATION NUMBER
Classification number 176
245 04 - TITLE STATEMENT
Title The cloning sourcebook
250 ## - EDITION STATEMENT
Edition statement Rev. pbk. ed.
260 ## - PUBLICATION, DISTRIBUTION, ETC. (IMPRINT)
Place of publication New York ;
-- Oxford :
Name of publisher Oxford University Press,
Year of publication 2003.
300 ## - PHYSICAL DESCRIPTION
Number of Pages xx, 352 p :
Other physical details ill.
500 ## - GENERAL NOTE
General note Originally published: 2001.
650 #0 - SUBJECT ADDED ENTRY--TOPICAL TERM
Topical Term Human cloning
Topical Term Human reproductive technology
700 1# - ADDED ENTRY--PERSONAL NAME
Personal name Klotzko, Arlene Judith.
856 40 - ELECTRONIC LOCATION AND ACCESS
Uniform Resource Identifier http://site.ebrary.com/lib/rucke/Doc?id=10084790

No items available.

© 2026 Rongo University
Contact us: librarian | system librarian | Rongo university